书目信息 |
| 题名: |
标准化综论
|
|
| 作者: | 李学京 编著 | |
| 分册: | ||
| 出版信息: | 北京 中国标准出版社 2008.03 |
|
| 页数: | 314页 | |
| 开本: | 26cm | |
| 丛书名: | ||
| 单 册: | ||
| 中图分类: | G307 | |
| 科图分类: | ||
| 主题词: | 标准化--研究--教材 | |
| 电子资源: | ||
| ISBN: | 978-7-5066-4835-6 | |
| 000 | 00758nam0 2200241 450 | |
| 001 | 003751721 | |
| 005 | 20100806112754.89 | |
| 010 | @a978-7-5066-4835-6@dCNY45.00 | |
| 090 | @aG307@blxj | |
| 100 | @a20100515d2008 em y0chiy50 ea | |
| 101 | 0 | @achi |
| 102 | @aCN@b110000 | |
| 105 | @ay z 000yy | |
| 200 | 1 | @a标准化综论@Abiao zhun hua zong lun@f李学京编著 |
| 210 | @a北京@c中国标准出版社@d2008.03 | |
| 215 | @a314页@d26cm | |
| 300 | @a高等学校教材 | |
| 330 | @a本书对标准化问题作了系统的介绍,首先简要地介绍了标准和标准化的基础概念,接着较详细地介绍了国际国内标准化情况,最后探讨了标准化与WTO的关系等。 | |
| 606 | 0 | @a标准化@x研究@j教材 |
| 690 | @aG307@v4 | |
| 701 | 0 | @a李学京@Ali xue jing@4编著 |
| 801 | @c20100515 | |
| 905 | @dG307@eL300@f4 | |
| 标准化综论/李学京编著.-北京:中国标准出版社,2008.03 |
| 314页;26cm |
| 高等学校教材 |
| ISBN 978-7-5066-4835-6:CNY45.00 |
| 本书对标准化问题作了系统的介绍,首先简要地介绍了标准和标准化的基础概念,接着较详细地介绍了国际国内标准化情况,最后探讨了标准化与WTO的关系等。 |
| ● |
| 相关链接 |
|
|
|
正题名:标准化综论
索取号:G307/L300
 
预约/预借
| 序号 | 登录号 | 条形码 | 馆藏地/架位号 | 状态 | 备注 |
| 1 | 996938 | 209969382 | 社科库409/409社科库 120排1列5层/ [索取号:G307/L300] | 在馆 | |
| 2 | 996939 | 209969391 | 社科库409/409社科库 120排1列5层/ [索取号:G307/L300] | 在馆 | |
| 3 | 996940 | 209969408 | 社科库409/409社科库 120排1列5层/ [索取号:G307/L300] | 在馆 | |
| 4 | 996941 | 209969417 | 社科库409/409社科库 120排1列5层/ [索取号:G307/L300] | 在馆 |